Culture Générale - Série 2564 - Statistiques

Statistiques générales
  • Ce quiz a été pris 102 fois
  • Le résultat moyen est 3 sur 10
Statistiques - réponses
Question Réponse % Correct
Changer d'avis en fonction des opportunités, c'est "retourner sa ... veste
100%
A la belote, que réalise l'équipe qui remporte tous les plis de la partie ? capot
47%
Comment s'appelle la principale chaîne de montagnes de l’Europe centrale ? Carpates
30%
Embarcation légère de très petite dimension (littéraire) - 6 lettres commençant par " e " esquif
25%
En parlant d'un projet, d'une négociation, échouer - 7 lettres commençant par " c " capoter
23%
Dans quel pays européen se trouve la ville de Bytom ? Pologne
17%
Pièce de harnachement pour les animaux domestiques - voir photo - 5 lettres licou
16%
En Allemagne, quelle est la capitale de l'état fédéré Rhénanie-Palatinat ? Mayence
8%
Quel anglicisme désigne un outil de communication marketing cherchant à produire de l'intérêt pour un projet, en suscitant la curiosité ? teaser
6%
Déversoir d'un étang, non naturel, afin de filtrer l'eau tout en retenant le poisson - anagramme de "aideras" daraise
2%
Aucun quiz correspondant
Distribution des résultats
% des personnes avec chaque résultat
Percentile par nombre de réponses
Votre historique - résultats
Vous n’avez pas pris ce quiz